000 00654cam a2200193 a 4500
082 _a940.54
_bMAP
_cL-30,P-41
245 0 0 _aMaps and survey :
_bthe Second World War, 1939-1945, Army /
_ccompiled by Brigadier A. B. Clough.
260 _aLondon :
_bWar Office,
_c1952.
300 _axv, 675 p. (some folded) :
_bmaps (some col.) ;
_c25 cm.
500 _aIncludes index.
526 _a0
_b0
_c0
_d940_540000000000000_MAP
650 0 _aMCE
_9379
650 0 _aMilitary maps.
_948987
650 0 _aSurveying.
650 0 _aWorld War, 1939-1945
_zGreat Britain.
_948588
700 1 _aClough, A. B.
_948988
710 1 _aGreat Britain.
_939715
942 _2ddc
_cBK
999 _c551830
_d551830